|
|
|
|
| LEADER |
00727nam a2200205 a 4500 |
| 001 |
000613373 |
| 003 |
CZ BrMZK |
| 005 |
20051130112317.0 |
| 007 |
ta |
| 008 |
020730s1952 xr f cze d |
| 040 |
|
|
|a BOA001
|b cze
|c BOA001
|
| 100 |
1 |
|
|a Matoušková, Jarmila,
|c filoložka
|4 aut
|
| 245 |
1 |
0 |
|a Jak přispívá komunismus ke změně slovníku a stavby vět ve francouzštině /
|c Jarmila Matoušková
|
| 260 |
|
|
|a Praha :
|b [Univerzita Karlova,
|c 1952]
|
| 300 |
|
|
|a 177 s.
|
| 502 |
|
|
|a Disertace -- Univerzita Karlova v Praze, 1952
|
| 710 |
2 |
|
|a Univerzita Karlova
|7 kn20010710036
|
| 910 |
|
|
|a BOA001
|b 4-0294.487
|
| 990 |
|
|
|a BK
|
| 996 |
6 |
|
|b BC-40048
|c 4-0294.487
|l MZK
|r Sklad / do 24 hodin
|n 0
|w 000613373
|u 000010
|a 1
|e BOA001
|j MZK50
|s P
|